Państwa niepodległe do wyboru - Statystyki

Ogólne statystyki
  • Ten quiz został rozwiązany 37 razy
  • Średni wynik to 8 z 22
Answers on the Grid
Answers color-coded by a green-red scale on the quiz's grid according to % correct below.
Kosowo
San Marino
Samoa
Wyspy Świętego Tomasza i Książęca
Bermudy
Tajwan
Monako
Saint Kitts i Nevis
Turks i Caicos
Bahamy
Samoa Amerykańskie
Kiribati
Palestyna
Sahara Zachodnia
Sudan Południowy
Osetia Południowa
Mariany Północne
Mikronezja
Wyspy Marshalla
Mauritius
Vanuatu
Niue
Kajmany
Wyspa Norfolk
Antigua i Barbuda
Holandia Karaibska/Bonaire
Liechtenstein
Kaszmir
Wyspy Kanaryjskie
Tuvalu
Tokelau
Antarktyka
Demokratyczna Republika Konga
Czechy
Gujana Francuska
Gwatemala
Gwadelupa
Katalonia
Nauru
Jamajka
Republika Zielonego Przylądka
Guam
Cypr
Saint Martin
 
Statystyki odpowiedzi
Odpowiedź % Poprawnych
Czechy
54%
Sudan Południowy
54%
Cypr
50%
Gwatemala
50%
Liechtenstein
50%
Demokratyczna Republika Konga
43%
Jamajka
43%
Republika Zielonego Przylądka
43%
Tuvalu
43%
Antigua i Barbuda
39%
Nauru
36%
Samoa
36%
San Marino
36%
Bahamy
32%
Kiribati
32%
Monako
32%
Wyspy Świętego Tomasza i Książęca
32%
Mauritius
29%
Mikronezja
29%
Saint Kitts i Nevis
29%
Vanuatu
29%
Wyspy Marshalla
25%
Nie znaleziono quizów pasujących do podanych kryteriów
Rozkład punktacji
Procent ludzi z każdym wynikiem
Percentyl według liczby udzielonych odpowiedzi
Twoja historia wyników
Nie rozwiązałeś tego quizu